000 00694nam a22002297a 4500
003 UA-OsUOA
001 32775
007 ta
008 20050211b un ||||| |||| 00| 0 ukr d
090 _a94(477).092
_bС56
942 _cBK
040 _aUA-OsUOA
_brus
_cUA-OsUOA
_dUA-OsUOA
245 _aУкраинская ССР в период коренного перелома в ходе Великой Отечественной войны (19 ноября 1942 г. - конец 1943 г.)
_cСост. В. Н.Немятый
300 _a512 с.
955 _a0
041 _arus
080 _a94(477).092
260 _c1985
044 _aUA
250 _n2-е изд. доп.
650 7 _2UDC
999 _c319227
_d319227